The Pak Banker (Registro nro. 161751)
[ vista simple ]
| 000 -LEADER | |
|---|---|
| fixed length control field | 00630nam a22002297a 4500 |
| 007 - PHYSICAL DESCRIPTION FIXED FIELD--GENERAL INFORMATION | |
| fixed length control field | cr|||| |||| |
| 008 - FIXED-LENGTH DATA ELEMENTS--GENERAL INFORMATION | |
| fixed length control field | 120808c20129999xxuzn|| s|||| 0||| 1eng d |
| 035 ## - | |
| -- | 6550 |
| 040 ## - CATALOGING SOURCE | |
| Original cataloging agency | vLex |
| 090 ## - | |
| -- | 3358 |
| -- | 3358 |
| 245 03 - TITLE STATEMENT | |
| Title | The Pak Banker |
| Medium | [Recurso electrónico] |
| 256 ## - | |
| -- | Servicio en línea |
| 260 ## - PUBLICATION, DISTRIBUTION, ETC. (IMPRINT) | |
| Place of publication, distribution, etc | [s.l.] : |
| Name of publisher, distributor, etc | Plus Media Solutions, |
| Date of publication, distribution, etc | 2012 - |
| 300 ## - PHYSICAL DESCRIPTION | |
| Extent | 1 recurso electrónico |
| 310 ## - | |
| -- | Irregular |
| 650 04 - SUBJECT ADDED ENTRY--TOPICAL TERM | |
| Topical term or geographic name as entry element | Noticias |
| 650 04 - SUBJECT ADDED ENTRY--TOPICAL TERM | |
| Topical term or geographic name as entry element | Finanzas |
| 740 0# - | |
| -- | vLex Revistas (Servicio en línea) |
| 856 40 - LOCALIZACIÓN Y ACCESO ELECTRÓNICO | |
| Identificador Uniforme del Recurso (URI/URL) | https://app.vlex.com/#/sources/pak-banker-6550 |
| 942 ## - | |
| -- | RAA |
| 999 ## - | |
| -- | 161751 |
| -- | 161751 |
No hay ítems disponibles.